000
00303nam a22001457a 4500
008
221013b ||||| |||| 00| 0 eng d
020
_a
2607904044758
041
_a
eng
080
_a
575
082
_a
575
100
_a
13 HOL
101
_a
BIO
245
_a
BIOCHEMISTRY
_c
HOLDE M
942
_2
udc
_c
BK
999
_c
58552
_d
58552